La era del consenso : manifiesto para un nuevo orden mundial /

Frente al poder global que unos cuantos hombres de las naciones más ricas ejercen para determinar el comportamiento de las sociedades, el autor propone desde el principio de democracia cuatro alternativas para revertir esta tendencia: un parlamento mundial, una asamblea general de naciones unidas, u...

Descripció completa

Guardat en:
Dades bibliogràfiques
Autor principal: Monbiot, George (autor)
Format: Llibre
Idioma:espanyol
Publicat: Barcelona, España : Anagrama, 2004, c2004
Col·lecció:(Argumentos ; 312)
Matèries:
Etiquetes: Afegir etiqueta
Sense etiquetes, Sigues el primer a etiquetar aquest registre!

MARC

LEADER 00000nam^a2200000^a^4500
001 000298677
005 20250521000000.0
009 20260310112416.031
020 |a 84-339-6206-X 
037 |a Acervo Xavier Clavigero 
041 |a ESP 
082 |a 320. 9  |b MON 
100 |a Monbiot, George  |e (autor) 
245 1 3 |a La era del consenso :  |b manifiesto para un nuevo orden mundial /  |c G. Monbiot ; tr. por Marco Aurelio Galmarini. 
264 4 |a Barcelona, España :  |b Anagrama,  |c 2004, c2004 
300 |a 249 p. 
336 |a texto  |b txt  |2 rdacontenido 
337 |a sin mediación  |b n  |2 rdamedio 
338 |a volumen  |b nc  |2 rdasoporte 
440 1 |a (Argumentos ;  |v 312) 
500 |a Traducción de: The Age of Consent 
520 |a Frente al poder global que unos cuantos hombres de las naciones más ricas ejercen para determinar el comportamiento de las sociedades, el autor propone desde el principio de democracia cuatro alternativas para revertir esta tendencia: un parlamento mundial, una asamblea general de naciones unidas, una unión internacional de compensación y una organización del comercio justo. 
649 |a XX 
650 |a Consenso 
650 |a Democracia 
650 |a Nuevo Orden Mundial 
650 |a Globalización -  |x Tema Principal 
650 |a Política Internacional 
910 |a Fondo General 
920 |a Impresos - Libros 
930 |a Colección General 
905 |a 101 
901 |a 0500184397  |b IT1  |c ACC  |i FXC C823  |u 20250521 
902 |a https://opac.biblio.iteso.mx/vufind/Record/000298677